Logo BPK

Biblioteka

Politechniki Koszalińskiej

Informatyczny model przepływu krwi w naczyniach włosowatych / (Rekord nr 42849)

Szczegóły MARC
000 -ETYKIETA REKORDU
podpole kontrolne o stałej długości 01222nam a2200277 i 4500
001 - NUMER KONTROLNY REKORDU
pole kontrolne bg
040 ## - ŹRÓDŁO KATALOGOWANIA
Instytucja, która utworzyła rekord BPK
041 0# - KOD JĘZYKA
Kod języka tekstu pol
Kod języka streszczenia lub abstraktu eng
080 ## - UNIWERSALNA KLASYFIKACJA DZIESIĘTNA - UKD
UKD 611.1:612.1:004.94:519.87
008 - POLE O STAŁEJ DŁUGOŚCI - DANE KONTROLNE
podpole kontrolne o stałej długości s pl f |000 0 pol
100 1# - NAZWA OSOBOWA
Nazwa osobowa BORYCZKO, Krzysztof
245 10 - TYTUŁ/ODPOWIEDZIALNOŚĆ
Tytuł Informatyczny model przepływu krwi w naczyniach włosowatych /
Pozostałe elementy strefy tytułu i oznaczenia odpowiedzialności Krzysztof Boryczko.
246 11 - WARIANT TYTUŁU
Tytuł Informatyczny model przepływu krwi w naczyniach włosowatych
260 ## - STREFA ADRESU WYDAWNICZEGO
Miejsce wydania Kraków :
Nazwa wydawcy/dystrybutora AGH. Uczelniane Wydawnictwa Naukowo-Dydaktyczne,
Data publikacji, dystrybucji/powstania dokumentu 2002.
300 ## - STREFA OPISU FIZYCZNEGO
Objętość 157 s., [1] k. tabl. :
Inne cechy fizyczne il. ;
Rozmiary 24 cm.
490 1# - STREFA SERII I DOKUMENTU WIELOCZĘŚCIOWEGO - FORMA NIE DO WYSZUKIWANIA
Tytuł i oznaczenie odpowiedzialności serii Rozprawy, Monografie / [Akademia Górniczo-Hutnicza im. Stanisława Staszica w Krakowie] =
-- Dissertations, Monographies,
ISSN 0867-6631 ;
Numeracja w obrębie serii 114
500 ## - UWAGI OGÓLNE
Tekst uwagi Tyt. równol.: Computational model of blood dynamics in capilary vessels. - Streszcz. ang.
504 ## - UWAGA DOTYCZĄCA BIBLIOGRAFII
Informacje o bibliografii Bibliogr.
650 #9 - HASŁO PRZEDMIOTOWE W FORMIE NAZWY OGÓLNEJ LUB JEDNOSTKOWEJ
Nazwa ogólna lub geograficzna Krew
Określnik ogólny badanie
-- metody
650 #9 - HASŁO PRZEDMIOTOWE W FORMIE NAZWY OGÓLNEJ LUB JEDNOSTKOWEJ
Nazwa ogólna lub geograficzna Naczynia krwionośne
Określnik ogólny badanie
-- metody
650 #9 - HASŁO PRZEDMIOTOWE W FORMIE NAZWY OGÓLNEJ LUB JEDNOSTKOWEJ
Nazwa ogólna lub geograficzna Układ krążenia
Określnik ogólny badanie
-- metody
650 #9 - HASŁO PRZEDMIOTOWE W FORMIE NAZWY OGÓLNEJ LUB JEDNOSTKOWEJ
Nazwa ogólna lub geograficzna Informatyka
Określnik ogólny stosowanie
-- medycyna
650 #9 - HASŁO PRZEDMIOTOWE W FORMIE NAZWY OGÓLNEJ LUB JEDNOSTKOWEJ
Nazwa ogólna lub geograficzna Symulacja
Określnik ogólny stosowanie
-- medycyna
830 #0 - HASŁO DODATKOWE SERII LUB DOKUMENTU WIELOCZĘŚCIOWEGO - TYTUŁ UJEDNOLICONY
Tytuł ujednolicony Rozprawy, Monografie ([Akademia Górniczo-Hutnicza im. Stanisława Staszica w Krakowie]) ;
Oznaczenie tomu 114
856 ## - LOKALIZACJA I DOSTĘP DO ELEKTRONICZNYCH DOKUMENTÓW ZDALNYCH
Link (URL) http://koha.tu.koszalin.pl/cgi-bin/koha/opac-detail.pl?biblionumber=42849
Tekst linku Katalog online BPK
942 ## - DODATKOWE ELEMENTY (KOHA)
Typ dokumentu Książka
Egzemplarze
Wycofany Status egzemplarza Uszkodzony Dostępność Lokalizacja stała Lokalizacja bieżąca Miejsce przechowywania Sygnatura Kod kreskowy Typ dokumentu
      Dostępny Biblioteka Politechniki Koszalińskiej Biblioteka Politechniki Koszalińskiej Wypożyczalnia BG 67567 01913590 Książka
© 2023 Biblioteka Politechniki Koszalińskiej :: KOHA